Application of RICS valuation- professional standards in the United States (Record no. 114521)

MARC details
000 -LEADER
fixed length control field 00923cad a22002415a 4500
001 - CONTROL NUMBER
control field L156967
008 - FIXED-LENGTH DATA ELEMENTS--GENERAL INFORMATION
fixed length control field 010812s2012 xxk f 000 0 eng d
020 ## - INTERNATIONAL STANDARD BOOK NUMBER
International Standard Book Number 9781842197998
035 ## - SYSTEM CONTROL NUMBER
System control number (Sirsi) u156967
041 0# - LANGUAGE CODE
Language code of text/sound track or separate title eng
110 2# - MAIN ENTRY--CORPORATE NAME
Corporate name or jurisdiction name as entry element Royal Institution of Chartered Surveyors
9 (RLIN) 4900
245 00 - TITLE STATEMENT
Title Application of RICS valuation- professional standards in the United States
Medium [electronic resource]
260 ## - PUBLICATION, DISTRIBUTION, ETC.
Place of publication, distribution, etc. Coventry
Name of publisher, distributor, etc. RICS
Date of publication, distribution, etc. 2012
300 ## - PHYSICAL DESCRIPTION
Extent iv.12p
Other physical details charts
490 #0 - SERIES STATEMENT
Series statement RICS Guidance Note
490 ## - SERIES STATEMENT
Series statement RICS Red Book
505 2# - FORMATTED CONTENTS NOTE
Formatted contents note Introduction -- Terms -- U.S jurisdiction applications.
521 ## - TARGET AUDIENCE NOTE
Target audience note Advanced
651 #4 - SUBJECT ADDED ENTRY--GEOGRAPHIC NAME
Geographic name United States
690 ## - LOCAL SUBJECT ADDED ENTRY--TOPICAL TERM (OCLC, RLIN)
Topical term or geographic name as entry element Valuation
9 (RLIN) 6273
856 40 - ELECTRONIC LOCATION AND ACCESS
Uniform Resource Identifier <a href="https://www.rics.org/Global/Application%20of%20RICS%20Valuation%20-%20Professional%20Standards%20in%20the%20United%20States.pdf">https://www.rics.org/Global/Application%20of%20RICS%20Valuation%20-%20Professional%20Standards%20in%20the%20United%20States.pdf</a>
Public note View the guidance note free of charge (member-only content) at www.rics.org...
942 ## - ADDED ENTRY ELEMENTS (KOHA)
Suppress in OPAC 0
Holdings
Withdrawn status Lost status Source of classification or shelving scheme Damaged status Not for loan Home library Current library Shelving location Date acquired Total Checkouts Full call number Barcode Date last seen Copy number Price effective from Koha item type
    Dewey Decimal Classification     London London RICS Boxes 24/03/2016   RICS 2012/33 30078888 06/08/2019 1 06/08/2019 Book
    Dewey Decimal Classification     Virtual Virtual Online 01/08/2012   ONLINE PUBLICATION 156967-2001 06/08/2019 1 06/08/2019 Book